Ο ελληνισμός και ο ιστορικός του ρόλος
Αποθηκεύτηκε σε:
| Μορφή: | Βιβλίο |
|---|---|
| Γλώσσα: | Greek |
| Δημοσίευση: |
[χ.τ.] :
Εκδοτικό "Νέα Ελλάδα",
1952.
|
| Θέματα: | |
| Ετικέτες: |
Προσθήκη ετικέτας
Δεν υπάρχουν, Καταχωρήστε ετικέτα πρώτοι!
|
MARC
| LEADER | 00000cam a2200000 a 4500 | ||
|---|---|---|---|
| 001 | 1/114251 | ||
| 008 | 170606s1952####xx | ||| |||| ||gre|| | ||
| 040 | |a GR-MyUa |b gre |c GR-MyUa |e AACR2 | ||
| 041 | 0 | |a gre | |
| 082 | 7 | |a 938.1 |2 (23) | |
| 245 | 1 | 2 | |a Ο ελληνισμός και ο ιστορικός του ρόλος / |c Α. Μπ. Ρανόβιτς. |
| 260 | |a [χ.τ.] : |b Εκδοτικό "Νέα Ελλάδα", |c 1952. | ||
| 300 | |a 397 σ. ; |c 24 εκ. | ||
| 506 | 1 | |a Μόνο για ανάγνωση. Βρίσκεται σε ειδικό ράφι. Διαθέσιμο εάν ζητηθεί. | |
| 651 | 0 | |a Greece |x History. | |
| 852 | |a INST |b LESVOS |e 20170606 |h 938.1 ΕΛΛ |p 005100059556 |q 005100059556 |t BK |y 0 | ||
| 970 | |a Τζαφέρη |b Ευαγγελία |z 06-06-2017 | ||